LEADER 03270nam a2200805 i 4500
001 106301
003 CZ PrNK
005 20260512114410.0
007 ta
008 260323s2026 xr e 000 0acze
015 |a cnb003746835 
020 |a 9788075553096  |q (vázáno) 
040 |a BOA001  |b cze  |d ABA001  |e rda 
041 1 |a cze  |h fre 
072 7 |a 343  |x Trestní právo  |2 Konspekt  |9 16 
072 7 |a 929  |x Biografie  |2 Konspekt  |9 8 
080 |a 343.22-058.833  |2 MRF 
080 |a 343.3/.7-058.6-055.2  |2 MRF 
080 |a 343.132:351.74  |2 MRF 
080 |a 343.1  |2 MRF 
080 |a 343.541  |2 MRF 
080 |a 364.63-055.2  |2 MRF 
080 |a 159.974  |2 MRF 
080 |a 159.923.2:17.024.3  |2 MRF 
080 |a 177  |2 MRF 
080 |a 929  |2 MRF 
080 |a (44)  |2 MRF 
080 |a (0:82-94)  |2 MRF 
100 1 |a Pelicot, Gisèle,  |d 1952-  |7 osa20261289251  |4 aut  |9 117330 
240 1 0 |a Et la joie de vivre.  |l Česky 
245 1 0 |a Óda na život :  |b hanba musí změnit strany /  |c Gisèle Pelicot a Judith Perringnon ; překlad Petra Zikmundová 
250 |a Vydání první 
264 1 |a [Brno] :  |b Jan Melvil Publishing,  |c 2026 
300 |a 247 stran ;  |c 21 cm 
336 |a text  |b txt  |2 rdacontent 
337 |a bez média  |b n  |2 rdamedia 
338 |a svazek  |b nc  |2 rdacarrier 
490 1 |a Hvězdy 
500 |a Přeloženo z francouzštiny 
600 1 7 |a Pelicot, Gisèle,  |d 1952-  |7 osa20261289251  |2 czenas  |9 117330 
648 7 |a 20.-21. století  |7 ch462155  |2 czenas  |9 53009 
648 7 |a 21. století  |7 ch460559  |2 czenas  |9 52889 
650 0 7 |a manželky zločinců  |7 ph323762  |y 20.-21. století  |z Francie  |2 czenas 
650 0 7 |a ženy jako oběti trestných činů  |7 ph127969  |y 20.-21. století  |z Francie  |2 czenas 
650 0 7 |a policejní vyšetřování  |7 ph158343  |y 21. století  |z Francie  |2 czenas 
650 0 7 |a soudní procesy  |7 ph125856  |y 21. století  |z Francie  |2 czenas 
650 0 7 |a znásilnění  |7 ph127664  |2 czenas  |9 3732 
650 0 7 |a násilí na ženách  |7 ph137284  |2 czenas 
650 0 7 |a psychická traumata  |7 ph124784  |2 czenas  |9 4498 
650 0 7 |a vyrovnání se s minulostí  |7 ph210129  |2 czenas 
650 0 7 |a morálka a společnost  |7 ph200857  |y 20.-21. století  |z Francie  |2 czenas 
650 0 9 |a criminals' spouses  |y 20th-21st centuries  |z France  |2 eczenas 
650 0 9 |a crimes against women  |y 20th-21st centuries  |z France  |2 eczenas 
650 0 9 |a police enquiry  |y 21st century  |z France  |2 eczenas 
650 0 9 |a trials  |y 21st century  |z France  |2 eczenas 
650 0 9 |a rape  |2 eczenas 
650 0 9 |a women abuse  |2 eczenas 
650 0 9 |a psychic trauma  |2 eczenas 
650 0 9 |a coming to terms with the past  |2 eczenas 
650 0 9 |a morality and society  |y 21st century  |z France  |2 eczenas 
655 7 |a autobiografické vzpomínky  |7 fd131854  |2 czenas  |9 53458 
655 9 |a autobiographical reminiscences  |2 eczenas 
700 1 |a Perrignon, Judith,  |d 1967-  |7 xx0198833  |4 aut  |9 29560 
700 1 |a Zikmundová, Petra,  |d 1991-  |7 xx0309499  |4 trl  |9 117331 
710 2 |a Jan Melvil Publishing (nakladatelství)  |7 kn20120626011  |4 pbl  |9 117332 
830 0 |a Hvězdy (Jan Melvil) 
910 |a UOG502 
942 |2 ddc  |c KN 
999 |d 106301 
993 |0 0  |1 421180107026  |2 ddc  |4 0  |6 34_000000000000000  |7 0  |9 99674  |b 0  |c 107026  |d 2026-05-12  |e 0  |f DOSP  |g 34  |h 399.00  |i Dar  |l DOSP  |r 2026-05-12  |t 5  |w 2026-05-12  |y KN  |z NAUCNA  |n